| 000 | 00543nam a2200157Ia 4500 | ||
|---|---|---|---|
| 008 | 151213s9999 xx 000 0 und d | ||
| 100 | _aমো: আলতাফ হোে সন | ||
| 245 |
_aবিধিবদ্ব আইনের ব্যাখ্যা _cমো: আলতাফ হোে সন |
||
| 250 | _a1St | ||
| 260 |
_aDhaka _bইউনির্ভাসিটি পাবলিকেশন _c2007 |
||
| 300 | _a5130 p. | ||
| 650 | _aLaw | ||
| 650 | _aLaw | ||
| 700 | _aমো: আলতাফ হোে সন | ||
| 999 |
_c3167 _d3167 |
||